000 00237 a2200097 4500
001 52656
100 _aGovt of Pakistan
245 _aPakistan Economic Survey 1982-83
260 _aIslamabad
_bGovt of Pakistan
_c
090 _c33126
_d33126
942 _aNUST-CAE
_cM
_c25699
999 _c287729
_d287729